AutoCAD Release 12 : Podrobný manuál /

Enregistré dans:
Détails bibliographiques
Auteur principal: Filip, Miloš (Auteur)
Format: Livre
Langue:tchèque
Publié: Brno : CCB, 1993
Édition:1.vyd.
Sujets:
Tags: Ajouter un tag
Pas de tags, Soyez le premier à ajouter un tag!

MARC

LEADER 00000nam a22000003a 4500
001 stu4952
005 20200923114858.9
008 931214s1993----xr------------------cze-d
040 |a STU  |b slo 
041 0 |a cze 
044 |a xr 
080 |a 681.32.06 
080 |a AutoCAD 
080 |a 519.68 
100 1 |a Filip, Miloš  |4 aut 
245 1 |a AutoCAD Release 12 :  |b Podrobný manuál /  |c [aut.] Filip,Miloš 
250 |a 1.vyd. 
260 |a Brno :  |b CCB,  |c 1993 
300 |a 361 s 
650 7 |a grafické programové systémy  |2 stusub 
650 7 |a grafické editory  |2 stusub 
996 |b 284EK83508  |c E*83508  |l EE01  |s A  |a 24  |w stu4952_0001